[Event "2024 British Rapidplay Championship"]
[Site "Holiday Inn Peterborough - West"]
[Date "2024.03.03"]
[Round "9.2"]
[White "Royal, Shreyas"]
[Black "Roberson, Peter T"]
[Result "1-0"]
[WhiteFideId "448869"]
[BlackFideId "412384"]
[WhiteElo "2331"]
[BlackElo "2401"]
[EventDate "2024.03.02"]

1. d4 d5 2. c4 c6 3. Nf3 Nf6 4. e3 e6 5. Nc3 Nbd7 6. Qc2 Bd6 7. Be2 O-O 8. O-O b6
9. e4 dxe4 10. Nxe4 Nxe4 11. Qxe4 Bb7 12. Rd1 Qe7 13. a3 h6 14. Bf4 Nf6 15. Bxd6
Qxd6 16. Qe5 Qe7 17. c5 Rfd8 18. Rac1 Rd5 19. Qe3 bxc5 20. dxc5 Rad8 21. b4 e5 22.
Nxe5 Rxe5 23. Rxd8+ Ne8 24. Qd3 Rxe2 25. Rd7 Re1+ 26. Rxe1 Qxe1+ 27. Qf1 Qxf1+ 28.
Kxf1 Ba6+ 29. Ke1 Nf6 30. Rxa7 Bc4 31. a4 Nd5 32. Rb7 Bb3 33. b5 Bxa4 34. b6 Nb4
35. Ra7 Nd3+ 36. Kd2 Nxc5 37. Rxa4 1-0

[Event "2024 British Rapidplay Championship"]
[Site "Holiday Inn Peterborough - West"]
[Date "2024.03.03"]
[Round "9.3"]
[White "Gormally, Daniel W"]
[Black "Gasanov, Eldar"]
[Result "1-0"]
[WhiteFideId "406465"]
[BlackFideId "14104466"]
[WhiteElo "2463"]
[BlackElo "2391"]
[EventDate "2024.03.02"]

1. d4 Nf6 2. Nf3 d5 3. c4 e6 4. Nc3 c6 5. Bg5 h6 6. Bh4 Be7 7. e3 Nbd7 8. Bd3 dxc4
9. Bxc4 b5 10. Bd3 Bb7 11. O-O a6 12. a4 b4 13. Bxf6 Bxf6 14. Ne4 O-O 15. Nd6 Qc7
16. Nxb7 Qxb7 17. Be4 Rac8 18. Rc1 Qb6 19. Qe2 c5 20. d5 c4 21. Rxc4 Rxc4 22. Qxc4
Bxb2 23. dxe6 fxe6 24. Rb1 Bc3 25. Bc2 Qd6 26. Rd1 Ne5 27. Nxe5 Qxe5 28. Qxa6 Qf6
29. f4 e5 30. Rd6 Qe7 31. Qc4+ Qf7 32. Qe4 Qa2 33. Rd7 Qa1+ 34. Bb1 Rf7 35. Qh7+
1-0

[Event "2024 British Rapidplay Championship"]
[Site "Holiday Inn Peterborough - West"]
[Date "2024.03.03"]
[Round "9.4"]
[White "Ledger, Andrew J"]
[Black "Eckersley-Waites, Tom"]
[Result "0-1"]
[WhiteFideId "400610"]
[BlackFideId "412449"]
[WhiteElo "2376"]
[BlackElo "2264"]
[EventDate "2024.03.02"]

1. Nf3 d5 2. g3 Nf6 3. Bg2 c5 4. O-O Nc6 5. d4 e6 6. c4 Be7 7. cxd5 exd5 8. b3 O-O
9. Bb2 Bg4 10. Ne5 Bh5 11. Nxc6 bxc6 12. dxc5 Bxc5 13. Qc2 Qe7 14. Nc3 Bg6 15. Qd1
Rfe8 16. Na4 Bb4 17. e3 Ne4 18. a3 Bd6 19. Qe2 h5 20. Rfc1 Rac8 21. Nc3 Nc5 22. Qd1
Nd3 23. Rc2 Be5 24. Na4 Nxb2 25. Nxb2 Bxc2 26. Qxc2 h4 27. Rd1 Qxa3 28. Nd3 Bd6 29.
Qc3 Qa6 30. Ra1 Qb6 31. Ra4 hxg3 32. hxg3 f6 33. Rg4 Be5 34. Qc2 Qc7 35. Bh3 Rcd8
36. Nc5 d4 37. exd4 f5 38. Qxf5 Rxd4 39. Ne6 Rd1+ 40. Kg2 Qd6 41. Ng5 Qd5+ 42. Re4
Rd4 43. Qh7+ Kf8 44. Qh8+ Ke7 45. Qxg7+ Kd6 46. Qd7+ Kc5 47. Qxe8 Rxe4 48. Be6 Bd6
49. Nxe4+ Qxe4+ 50. Kh2 Qh7+ 51. Bh3 Qc2 52. Qe3+ Kb4 53. Qd4+ Kxb3 54. Be6+ Ka3
55. Qxd6+ c5 56. Qf4 a5 57. Kg2 a4 58. Qc4 Qxc4 59. Bxc4 Kb4 60. Ba2 c4 61. Kf3 c3
62. Ke3 Ka3 63. Bb1 Kb2 0-1

[Event "2024 British Rapidplay Championship"]
[Site "Holiday Inn Peterborough - West"]
[Date "2024.03.03"]
[Round "9.5"]
[White "Han, Yichen"]
[Black "Banerjee, Supratit"]
[Result "1-0"]
[WhiteFideId "1054430"]
[BlackFideId "2410079"]
[WhiteElo "2334"]
[BlackElo "1962"]
[EventDate "2024.03.02"]

1. d4 d5 2. c4 e6 3. Nf3 Nf6 4. g3 Be7 5. Bg2 O-O 6. O-O c6 7. Qc2 b6 8. b3 Bb7 9.
Bb2 Na6 10. Ne5 Rc8 11. Rd1 c5 12. dxc5 Bxc5 13. e3 Qc7 14. Nd3 dxc4 15. Nxc5 Nxc5
16. Bxf6 gxf6 17. Qxc4 Bxg2 18. Kxg2 Rfd8 19. Nc3 Qe5 20. Rd4 Nb7 21. Qd3 Rxd4 22.
exd4 Qg5 23. Rd1 Nd6 24. d5 e5 25. Ne4 Nxe4 26. Qxe4 Qg6 27. Qf3 f5 28. d6 Rd8 29.
Qb7 f4 30. Qe7 f3+ 31. Kg1 Rxd6 32. Qxd6 1-0

[Event "2024 British Rapidplay Championship"]
[Site "Holiday Inn Peterborough - West"]
[Date "2024.03.03"]
[Round "9.6"]
[White "Hunt, Harriet V"]
[Black "Waldhausen Gordon, Frederick"]
[Result "0-1"]
[WhiteFideId "403512"]
[BlackFideId "2409143"]
[WhiteElo "2342"]
[BlackElo "2045"]
[EventDate "2024.03.02"]

1. e4 c5 2. Nf3 Nc6 3. Bb5 g6 4. Bxc6 dxc6 5. d3 Bg7 6. h3 Qc7 7. Nc3 e5 8. Be3 b6
9. Qd2 h6 10. Nh2 Nf6 11. Ne2 c4 12. f4 cxd3 13. cxd3 Ba6 14. fxe5 Qxe5 15. Nf3 Qb5
16. Rd1 c5 17. Nc3 Qd7 18. e5 Nd5 19. Ne4 O-O-O 20. O-O Kb8 21. Nd6 f6 22. exf6 Bxf6
23. Ne4 Bg7 24. Bf2 Ka8 25. a3 Rhe8 26. Rfe1 g5 27. b4 c4 28. dxc4 Bxc4 29. Bg3 Qc6
30. Nd4 Qg6 31. Qc2 Ne3 32. Rxe3 Bxd4 33. Kh2 Bxe3 34. Rxd8+ Rxd8 35. Qxc4 Bf4 36.
b5 Bxg3+ 37. Kxg3 Qg7 38. Qc6+ Qb7 39. Qe6 Qd5 40. Qe7 Qd7 41. Qb4 Qc7+ 42. Kf2 Qf4+
43. Ke2 Re8 44. Kd3 Qf1+ 45. Ke3 Qxg2 46. Kd4 0-1

[Event "2024 British Rapidplay Championship"]
[Site "Holiday Inn Peterborough - West"]
[Date "2024.03.03"]
[Round "9.7"]
[White "Nawalaniec, Adam"]
[Black "Jones, Steven A"]
[Result "1/2-1/2"]
[WhiteFideId "21023786"]
[BlackFideId "419630"]
[WhiteElo "1977"]
[BlackElo "2194"]
[EventDate "2024.03.02"]

1. e4 c5 2. Nf3 Nc6 3. c4 e6 4. Nc3 Nf6 5. d3 d5 6. Bg5 d4 7. Ne2 Be7 8. Bxf6 Bxf6
9. g3 Qa5+ 10. Qd2 Nb4 11. Kd1 Bd7 12. Nc1 Qc7 13. Bg2 O-O 14. Ke2 e5 15. a3 Nc6
16. Na2 g6 17. b4 b6 18. Rhb1 Rab8 19. Kf1 Be7 20. Qh6 f6 21. Nh4 Rf7 22. bxc5 bxc5
23. Qc1 Rff8 24. Qh6 Rf7 25. Qc1 Rff8 26. Qh6 Be8 27. Bh3 Bf7 28. Qd2 Rxb1+ 29. Rxb1
Rb8 30. Qc2 Rb6 31. Nf3 Bf8 32. Nd2 Bh6 33. Nb3 Ne7 34. Nbc1 f5 35. Rxb6 Qxb6 36.
f3 Be6 37. Kg2 Qa5 38. Qb2 Be3 39. Kf1 Kf7 40. Nb3 Qb6 41. a4 fxe4 42. Bxe6+ Qxe6
43. fxe4 Qf6+ 44. Kg2 Qb6 45. Qc2 Nc6 46. Qd1 Kg7 47. Nac1 Qb4 48. Qg4 Ne7 49. Qe6
Kf8 50. Kh3 Bxc1 51. Nxc1 Qb2 52. Qf6+ Ke8 53. Qf1 Qc2 54. a5 Qc3 55. Kg4 Qxa5 56.
Kg5 Qd2+ 57. Kf6 Qxh2 58. Ke6 Nf5 59. exf5 Qxg3 60. fxg6 Qxg6+ 61. Kxe5 Ke7 62. Qf5
Qg3+ 63. Kd5 Qd6+ 64. Ke4 Qc6+ 65. Qd5 Qg6+ 66. Kf3 Qf6+ 67. Ke2 Qe6+ 68. Qxe6+ Kxe6
69. Nb3 Kd6 70. Nd2 a5 71. Ne4+ Kc6 72. Kd2 h5 73. Kc2 h4 74. Kb3 h3 75. Ka4 h2 76.
Nf2 Kb6 77. Nh1 Ka6 78. Nf2 Kb6 79. Nh1 Ka6 1/2-1/2

[Event "2024 British Rapidplay Championship"]
[Site "Holiday Inn Peterborough - West"]
[Date "2024.03.03"]
[Round "9.8"]
[White "Kanyamarala, Trisha"]
[Black "Kanyamarala, Tarun"]
[Result "1-0"]
[WhiteFideId "45004722"]
[BlackFideId "45004714"]
[WhiteElo "2073"]
[BlackElo "2266"]
[EventDate "2024.03.02"]

1. d4 Nf6 2. c4 b6 3. Nc3 Bb7 4. d5 g6 5. e4 d6 6. Nf3 Bg7 7. Bd3 O-O 8. O-O c6 9.
Re1 Nbd7 10. a3 e6 11. dxc6 Bxc6 12. Bc2 Ne5 13. Nxe5 dxe5 14. Qe2 Nd7 15. Be3 f5
16. f3 g5 17. exf5 exf5 18. Rad1 Qe7 19. Qd2 h6 20. Nd5 Qd6 21. Nb4 Qxd2 22. Rxd2
Nb8 23. c5 b5 24. Bb3+ Kh8 25. Rd6 Rf6 26. Red1 a5 27. Nxc6 Nxc6 28. Rxf6 Bxf6 29.
Rd6 1-0

[Event "2024 British Rapidplay Championship"]
[Site "Holiday Inn Peterborough - West"]
[Date "2024.03.03"]
[Round "9.9"]
[White "Toma, Katarzyna"]
[Black "Larchikov, Maksym"]
[Result "1/2-1/2"]
[WhiteFideId "1119907"]
[BlackFideId "34120815"]
[WhiteElo "2122"]
[BlackElo "1981"]
[EventDate "2024.03.02"]

1. e4 c6 2. d4 d5 3. exd5 cxd5 4. Bd3 Nc6 5. c3 Nf6 6. Ne2 e5 7. dxe5 Nxe5 8. Bb5+
Bd7 9. Bxd7+ Qxd7 10. O-O Bc5 11. Nd2 O-O 12. Nb3 Bb6 13. Nbd4 Rfe8 14. Qc2 Nc6 15.
Qd3 Qg4 16. h3 Qe4 17. Qxe4 Rxe4 18. Be3 Rae8 19. Rad1 Nxd4 20. Nxd4 Nd7 21. Nc2
R4e5 22. Bxb6 Nxb6 23. Rfe1 Na4 24. Rxe5 Rxe5 25. Rd4 Nb6 26. Ne3 Kf8 27. Kf1 Ke7
28. b3 Ke6 29. Ke2 Nc8 30. Kd3 Ne7 31. Rb4 b6 32. Ra4 Nc6 33. g4 b5 34. Ra6 Kd7 35.
Kd2 Kd6 36. a4 bxa4 37. Rxa4 g6 38. Kd3 Re7 39. f4 Rb7 40. b4 d4 41. cxd4 Nxb4+ 42.
Kc4 Nc6 43. d5 Ne7 44. Ra6+ Kd7 45. Kc5 Nc8 46. Nc4 Rb1 47. Ne5+ Ke7 48. d6+ Nxd6
49. Rxa7+ Rb7 50. Nc6+ Kd7 51. Ne5+ 1/2-1/2

[Event "2024 British Rapidplay Championship"]
[Site "Holiday Inn Peterborough - West"]
[Date "2024.03.03"]
[Round "9.10"]
[White "Hebden, Mark L"]
[Black "Jermy, Jaden"]
[Result "1-0"]
[WhiteFideId "400084"]
[BlackFideId "459496"]
[WhiteElo "2436"]
[BlackElo "1978"]
[EventDate "2024.03.02"]

1. d4 d5 2. c4 e6 3. Nc3 Nf6 4. Bg5 Be7 5. e3 O-O 6. Rc1 b6 7. cxd5 exd5 8. Bd3 Ba6
9. Bb1 Nbd7 10. Nge2 Bb7 11. O-O Rc8 12. Bf5 Ne4 13. Nxe4 dxe4 14. Bxe7 Qxe7 15.
Qa4 c6 16. Qxa7 Rc7 17. Bxd7 Qb4 18. a3 Qxb2 19. Bg4 Ra8 20. Rb1 Rxa7 21. Rxb2 b5
22. Ra1 g6 23. Nc3 f5 24. Be2 Ba6 25. h4 Kf7 26. a4 bxa4 27. Bxa6 Rxa6 28. Rxa4 Rxa4
29. Nxa4 Ra7 30. Nc5 Ra1+ 31. Kh2 h6 32. Rb7+ Kf6 33. Rc7 g5 34. Rxc6+ Kg7 35. Ne6+
Kg6 36. Nxg5+ 1-0

[Event "2024 British Rapidplay Championship"]
[Site "Holiday Inn Peterborough - West"]
[Date "2024.03.03"]
[Round "9.11"]
[White "Frostick, Clive A"]
[Black "Wells, Peter K"]
[Result "0-1"]
[WhiteFideId "411302"]
[BlackFideId "400327"]
[WhiteElo "2162"]
[BlackElo "2440"]
[EventDate "2024.03.02"]

1. e4 c5 2. Nf3 Nc6 3. Bb5 e6 4. O-O Nge7 5. Re1 a6 6. Bf1 d5 7. exd5 Nxd5 8. d4
Nf6 9. c3 cxd4 10. cxd4 Be7 11. a3 O-O 12. Nc3 b5 13. Bg5 Bb7 14. Rc1 Rc8 15. Bd3
h6 16. Bh4 Nh5 17. Bxe7 Nxe7 18. Be4 Bxe4 19. Nxe4 Nf4 20. Nc5 Qd6 21. Qd2 Neg6 22.
g3 Qd5 23. Rc3 Nh3+ 24. Kg2 Ng5 25. Ree3 Nxf3 26. Rxf3 Ne5 0-1

[Event "2024 British Rapidplay Championship"]
[Site "Holiday Inn Peterborough - West"]
[Date "2024.03.03"]
[Round "9.12"]
[White "Kothari, Jai"]
[Black "Boswell, Jacob Connor"]
[Result "0-1"]
[WhiteFideId "477117"]
[BlackFideId "427110"]
[WhiteElo "1908"]
[BlackElo "2031"]
[EventDate "2024.03.02"]

1. e4 c5 2. Nc3 Nc6 3. Bb5 Nd4 4. Nf3 Nxb5 5. Nxb5 a6 6. Nc3 d6 7. d4 cxd4 8. Qxd4
Bg4 9. Be3 Nf6 10. O-O-O Qc7 11. Qa4+ Qc6 12. Qb3 e5 13. Rhe1 Be7 14. Bg5 Be6 15.
Nd5 Bxd5 16. exd5 Qc7 17. Qa3 h6 18. Be3 Ng4 19. Qa4+ Qd7 20. Qb3 Nxe3 21. Rxe3 f5
22. Kb1 Bf6 23. Nd4 O-O 24. Ne6 Rfc8 25. Rg3 b5 26. Qf3 f4 27. Rg6 Qf7 28. Qh5 Rc4
29. g4 Rac8 30. Qxh6 e4 31. g5 Be5 32. Rc1 e3 33. b3 Rc3 34. Qh5 exf2 35. Rxg7+ Qxg7
36. Nxg7 Rxc2 0-1

[Event "2024 British Rapidplay Championship"]
[Site "Holiday Inn Peterborough - West"]
[Date "2024.03.03"]
[Round "9.13"]
[White "Bowcott-Terry, Finlay"]
[Black "Cancedda-Dupuis, Livio"]
[Result "1/2-1/2"]
[WhiteFideId "449199"]
[BlackFideId "499447"]
[WhiteElo "2055"]
[BlackElo "1960"]
[EventDate "2024.03.02"]

1. e4 c5 2. Nf3 d6 3. d4 cxd4 4. Qxd4 Nc6 5. Bb5 Bd7 6. Bxc6 Bxc6 7. Nc3 Nf6 8. Bg5
e6 9. O-O-O Be7 10. Bxf6 Bxf6 11. Qxd6 Qxd6 12. Rxd6 Bxc3 13. bxc3 Bxe4 14. Ne5 Rc8
15. Rd4 Bc6 16. Rhd1 O-O 17. Nxc6 Rxc6 18. Rd7 Rxc3 19. Rxb7 Rfc8 20. Rd2 a5 21.
Kd1 R3c5 22. Rdd7 Rf5 23. f3 g5 24. Kd2 h5 25. Kd3 g4 26. fxg4 hxg4 27. Rd4 Rg5 28.
c4 Kf8 29. Rb5 f5 30. Rxa5 Rh5 31. Rxg4 Rxh2 32. Rg3 Kf7 33. c5 Rh1 34. Kc4 Re1 35.
Rc3 Kf6 36. Rc2 f4 37. Ra3 Kf5 38. Kb5 Re3 39. Ra7 e5 40. c6 Re1 41. c7 Ke6 42. Kc6
Rd1 43. Ra4 Rd6+ 44. Kb7 Kd7 45. Ra5 Rd4 46. a3 Rd3 47. Rb5 e4 48. Rcc5 Rd6 49. Rb4
e3 50. Rxf4 e2 51. Re4 Re6 52. Rxe6 e1=Q 53. Rxe1 Rxc7+ 1/2-1/2

[Event "2024 British Rapidplay Championship"]
[Site "Holiday Inn Peterborough - West"]
[Date "2024.03.03"]
[Round "9.14"]
[White "Badacsonyi, Stanley"]
[Black "Kovalskyi, Roman"]
[Result "1-0"]
[WhiteFideId "486973"]
[BlackFideId "14184214"]
[WhiteElo "2105"]
[BlackElo "1983"]
[EventDate "2024.03.02"]

1. d4 d5 2. Nc3 c5 3. e4 cxd4 4. Qxd4 dxe4 5. Qxd8+ Kxd8 6. Nxe4 Bf5 7. Bd3 Nf6 8.
Nc5 Bxd3 9. Nxd3 e6 10. Bf4 Nc6 11. O-O-O Ke8 12. Ne2 Rd8 13. Rhe1 Bd6 14. Bxd6 Rxd6
15. Ng3 g6 16. Nc5 Rxd1+ 17. Kxd1 Ke7 18. c3 b6 19. Nd3 h5 20. h3 h4 21. Nf1 Nd5
22. a3 f5 23. c4 Nc7 24. Kc2 Kf6 25. f4 g5 26. fxg5+ Kxg5 27. Nd2 b5 28. b3 Kf6 29.
Nf3 bxc4 30. bxc4 Na5 31. Kc3 Rb8 32. Nc5 Rh8 33. Nd7+ Ke7 34. Nde5 Kf6 35. Rd1 Rh7
36. Rb1 Na6 37. Kd4 Nb7 38. Rb5 Nd6 39. Ra5 Nb8 40. c5 Ne4 41. Rb5 Na6 42. c6 Nd6
43. Rb2 Nc7 44. Rb8 Nce8 45. Rd8 Rc7 46. a4 Ke7 47. Rb8 Nf6 48. Nxh4 Nfe4 49. g4
fxg4 50. hxg4 Kf6 51. Rf8+ Kg7 52. Rd8 Re7 53. Ng2 Kf6 54. Nf4 Kg5 55. Rd7 Re8 56.
Nh3+ Kh4 57. Rh7 Kg3 58. g5 Nd2 59. g6 Nb3+ 60. Kc3 Nc5 61. g7 Nf5 62. c7 Nxa4+ 63.
Kb4 Nb6 64. Kc5 Nd5 65. Rh8 Nxg7 66. Rxe8 Nxc7 67. Rg8 Nce8 68. Ng1 Kf4 69. Nc6 a6
70. Ne2+ Ke3 71. Ned4 e5 72. Nxe5 a5 73. Nf5+ Nxf5 74. Rxe8 Kf4 75. Nc4 a4 76. Ra8
1-0

[Event "2024 British Rapidplay Championship"]
[Site "Holiday Inn Peterborough - West"]
[Date "2024.03.03"]
[Round "9.15"]
[White "Dougherty, Michael"]
[Black "Harris, Michael"]
[Result "0-1"]
[WhiteFideId "2601559"]
[BlackFideId "402028"]
[WhiteElo "2030"]
[BlackElo "2233"]
[EventDate "2024.03.02"]

1. e4 e6 2. d4 d5 3. exd5 exd5 4. Nf3 Nc6 5. c4 Nf6 6. Nc3 Be6 7. Bg5 Be7 8. Qa4
O-O 9. O-O-O h6 10. Be3 a6 11. Ne5 Na7 12. c5 Ng4 13. Nxg4 Bxg4 14. Be2 Bxe2 15.
Nxe2 c6 16. Ng3 Qd7 17. Qc2 b6 18. Nf5 bxc5 19. dxc5 Bf6 20. Bd4 Qd8 21. Rhe1 Nb5
22. Bxf6 Qxf6 23. a4 Nc7 24. Re3 Rab8 25. Rd4 Ne6 26. Rg4 Kh8 27. Rf3 Qe5 28. Re3
Qxh2 29. Qc3 d4 30. Nxd4 Nxd4 31. Rxd4 Rbd8 32. Rg4 f6 33. Re7 Rg8 34. Qe1 Qh5 35.
f3 Qxc5+ 36. Kb1 Rd5 37. Re8 Rg5 38. Rge4 Rxe8 39. Rxe8+ Kh7 40. g4 f5 41. Qe6 fxg4
42. f4 Qf5+ 0-1

[Event "2024 British Rapidplay Championship"]
[Site "Holiday Inn Peterborough - West"]
[Date "2024.03.03"]
[Round "9.16"]
[White "Martin, Lewis"]
[Black "Lalic, Susan K"]
[Result "1/2-1/2"]
[WhiteFideId "410551"]
[BlackFideId "401510"]
[WhiteElo "2192"]
[BlackElo "2059"]
[EventDate "2024.03.02"]

1. e4 e6 2. d4 d5 3. Nd2 c5 4. exd5 Qxd5 5. dxc5 Bxc5 6. Ngf3 Nf6 7. Bc4 Qd8 8. O-O
Nc6 9. Nb3 Qxd1 10. Rxd1 Bb6 11. Bf4 O-O 12. c3 e5 13. Nxe5 Nxe5 14. Bxe5 Bxf2+ 15.
Kh1 Ng4 16. Bd4 Be6 17. Bxe6 fxe6 18. h3 e5 19. hxg4 exd4 20. Nxd4 Bxd4 21. Rxd4
Rf2 22. Re1 Rxb2 23. Rd7 Rb6 24. Ree7 Rg6 25. Rxb7 Rxg4 26. Rec7 h6 27. c4 Re8 28.
Rb2 Re1+ 29. Kh2 Rc1 30. c5 Rgc4 31. Rbb7 Rg4 32. Rb2 Rgc4 33. Rbb7 1/2-1/2

[Event "2024 British Rapidplay Championship"]
[Site "Holiday Inn Peterborough - West"]
[Date "2024.03.03"]
[Round "9.17"]
[White "Repasi, Zoltan"]
[Black "Pickard, Charles"]
[Result "1-0"]
[WhiteFideId "724602"]
[BlackFideId "470880"]
[WhiteElo "2097"]
[BlackElo "2190"]
[EventDate "2024.03.02"]

1. d4 d5 2. c4 e6 3. Nf3 c5 4. cxd5 exd5 5. g3 Nc6 6. Bg2 Nf6 7. O-O cxd4 8. Nxd4
Qb6 9. Nb3 Be7 10. Be3 Qd8 11. Nc3 Be6 12. Qd2 Ne5 13. Bc5 O-O 14. Bxe7 Qxe7 15.
Nd4 Rfd8 16. b3 Rac8 17. Rac1 Qb4 18. Rfd1 Qb6 19. h3 a6 20. e3 Qd6 21. Qb2 h5 22.
Nde2 h4 23. f4 Ned7 24. g4 Qb6 25. Rd4 g6 26. Rcd1 Nc5 27. Qd2 Bxg4 28. hxg4 Ne6
29. Nxd5 Nxd5 30. Rxd5 h3 31. Bf3 Kg7 1-0

[Event "2024 British Rapidplay Championship"]
[Site "Holiday Inn Peterborough - West"]
[Date "2024.03.03"]
[Round "9.18"]
[White "Hryshchenko, Kamila"]
[Black "Hanache, Kai"]
[Result "0-1"]
[WhiteFideId "14147491"]
[BlackFideId "490105"]
[WhiteElo "2118"]
[BlackElo "1886"]
[EventDate "2024.03.02"]

1. e4 e5 2. Nf3 Nc6 3. Bb5 a6 4. Ba4 Nf6 5. d4 exd4 6. O-O Be7 7. Re1 O-O 8. e5 Nd5
9. c3 Nb6 10. Bc2 d6 11. exd6 Qxd6 12. Nxd4 Nxd4 13. cxd4 Bf6 14. Be3 Be6 15. Nd2
Bd5 16. Qg4 Rfe8 17. Rec1 c6 18. Bd3 g6 19. b3 h5 20. Qd1 Rad8 21. Qc2 Bg7 22. Rd1
Qe6 23. h3 Qe7 24. Rac1 f5 25. Nc4 Bxc4 26. bxc4 Bxd4 27. Bxd4 Rxd4 28. c5 Nd5 29.
Bc4 Rxd1+ 30. Rxd1 Rd8 31. Bb3 Qe4 32. Qc1 0-1

[Event "2024 British Rapidplay Championship"]
[Site "Holiday Inn Peterborough - West"]
[Date "2024.03.03"]
[Round "9.19"]
[White "Ashton, Adam G"]
[Black "Verbytski, Oleg"]
[Result "1/2-1/2"]
[WhiteFideId "410110"]
[BlackFideId "495506"]
[WhiteElo "2345"]
[BlackElo "1894"]
[EventDate "2024.03.02"]

1. e4 c5 2. Nf3 d6 3. Bc4 Nc6 4. c3 Nf6 5. d3 e6 6. Bb3 Be7 7. O-O O-O 8. Re1 a6
9. d4 cxd4 10. cxd4 e5 11. h3 h6 12. Nc3 Bd7 13. Be3 Rc8 14. Qd2 Kh7 15. Rad1 b5
16. a3 Na5 17. Ba2 Qc7 18. dxe5 dxe5 19. Nd5 Nxd5 20. Qxd5 Be6 21. Qd2 Bxa2 22. b4
Bb3 23. bxa5 Bxd1 24. Qxd1 Bxa3 25. Bb6 Qd6 26. Qa1 Bc5 27. Rd1 Qe6 28. Nxe5 Bxb6
29. axb6 Rfe8 30. Nd7 Qxe4 31. Qxa6 Qe2 32. Qa1 Qe4 33. Qa6 Qc6 34. Qa3 Rcd8 35.
Qd3+ Kh8 36. Qd5 Qxd5 37. Rxd5 g6 38. b7 b4 39. Rb5 Rxd7 40. b8=Q Rxb8 41. Rxb8+
Kg7 42. Rxb4 h5 43. h4 Rd5 44. g3 Rc5 45. Kg2 Rc3 46. Rf4 Ra3 47. Re4 Ra2 48. Rd4
Ra3 49. Rc4 Rd3 50. Rb4 Rc3 51. Ra4 Rb3 52. Rc4 Ra3 53. Rb4 Rc3 54. Ra4 Rb3 1/2-1/2

[Event "2024 British Rapidplay Championship"]
[Site "Holiday Inn Peterborough - West"]
[Date "2024.03.03"]
[Round "9.20"]
[White "Buckley, Graeme N"]
[Black "Vashisht-Pigem, Raman"]
[Result "1-0"]
[WhiteFideId "402265"]
[BlackFideId "469734"]
[WhiteElo "2267"]
[BlackElo "1990"]
[EventDate "2024.03.02"]

1. e4 e6 2. d4 d5 3. e5 c5 4. c3 Qb6 5. Nf3 Bd7 6. a3 Bb5 7. c4 Bxc4 8. Bxc4 dxc4
9. d5 Ne7 10. d6 Nec6 11. O-O Nd7 12. Bf4 Qxb2 13. Nbd2 Qb6 14. Nxc4 Qa6 15. Ne3
g6 16. Rb1 Bg7 17. Ng4 O-O 18. Re1 h5 19. Nh6+ Kh8 20. Qc1 b6 21. Rb3 Qa4 22. Rc3
Rac8 23. g4 hxg4 24. Nxg4 Nd4 25. Nxd4 Qxd4 26. Rc4 Qd3 27. Re3 Qf5 28. Nh6 Qh5 29.
Kg2 Bxh6 30. Bxh6 Qxh6 31. Rh3 Qxh3+ 32. Kxh3 Kg7 33. f4 b5 34. Rc2 a5 35. Qe1 b4
36. f5 Rh8+ 37. Kg2 gxf5 38. Kh1 Rh3 39. Qg1+ Kf8 40. Qg5 Nxe5 41. Qe7+ Kg8 42. Rg2+
Kh7 43. Qf6 Rg8 44. Rxg8 Kxg8 45. Qxe5 Rd3 46. Qxc5 bxa3 47. Qxa5 Rxd6 48. Qxa3 Rd5
49. Kg2 Kg7 50. Kg3 Kf6 51. Kh4 Rd4+ 52. Kh5 Rg4 53. Qc3+ Ke7 54. Qe5 Re4 55. Qc7+
Kf6 56. Qc3+ Ke7 57. h3 Kf8 58. Kg5 Ra4 59. Kf6 Ra8 60. Qc7 Kg8 1-0

[Event "2024 British Rapidplay Championship"]
[Site "Holiday Inn Peterborough - West"]
[Date "2024.03.03"]
[Round "9.21"]
[White "Yu, Rock"]
[Black "Mirzoeva, Elmira"]
[Result "0-1"]
[WhiteFideId "489000"]
[BlackFideId "4127951"]
[WhiteElo "1907"]
[BlackElo "2206"]
[EventDate "2024.03.02"]

1. c4 d6 2. Nc3 e5 3. g3 f5 4. Bg2 g6 5. e3 Bg7 6. d4 e4 7. f3 exf3 8. Nxf3 Nf6 9.
O-O O-O 10. Re1 c5 11. e4 Nxe4 12. Nxe4 fxe4 13. Rxe4 Bf5 14. Re1 Nc6 15. Be3 Bg4
16. dxc5 dxc5 17. Qxd8 Raxd8 18. Ng5 Bxb2 19. Rab1 Bc3 20. Rxb7 Bxe1 21. Bxc6 h6
22. Bxc5 hxg5 23. Bd5+ Rxd5 24. cxd5 Rc8 25. Be3 Bh3 26. Rb1 Ba5 27. Bxa7 Rd8 28.
Rb5 Rf8 29. Rb1 Kf7 30. Be3 Re8 31. Bxg5 Re2 32. a4 Rg2+ 33. Kh1 Ra2 34. Be3 Rxa4
35. Rg1 Ra3 36. Bc5 Rd3 37. d6 Rd5 38. Ba3 Bb6 39. Re1 Be3 40. Bb4 Rd3 41. d7 Bxd7
42. Kg2 Bc6+ 43. Kh3 Rb3 44. Bd6 Bd7+ 45. Kg2 Bg4 46. Be5 Rd3 47. Rf1+ Ke6 48. Bf4
Rd2+ 49. Kh1 Bxf4 50. Rxf4 Bh3 51. Re4+ Kf5 52. Re1 g5 53. Kg1 Rg2+ 54. Kh1 Ra2 55.
Kg1 Kg4 56. Kh1 Kf3 57. g4 Kxg4 58. Rg1+ Kf3 59. Rg3+ Kf2 60. Rg1 Re2 61. Ra1 Bg2+
0-1

[Event "2024 British Rapidplay Championship"]
[Site "Holiday Inn Peterborough - West"]
[Date "2024.03.03"]
[Round "9.22"]
[White "Pang, Ethan"]
[Black "Manley, Jon P"]
[Result "1/2-1/2"]
[WhiteFideId "496995"]
[BlackFideId "403296"]
[WhiteElo "1887"]
[BlackElo "2160"]
[EventDate "2024.03.02"]

1. e4 e5 2. Nf3 Nc6 3. Bc4 Bc5 4. O-O Nf6 5. d4 Bxd4 6. Nxd4 Nxd4 7. Bg5 d6 8. f4
Bg4 9. Bxf6 Bxd1 10. Bxd8 Rxd8 11. Rxd1 Nxc2 12. Nc3 Nxa1 13. Rxa1 exf4 14. Rf1 c6
15. Rxf4 O-O 16. a4 a5 17. Kf2 g6 18. Ke3 Kg7 19. g4 Rd7 20. Kd4 Re7 21. Nd1 Re5
22. Ne3 f6 23. h4 Rfe8 24. Bd3 d5 25. Bc2 c5+ 26. Kxc5 dxe4+ 27. Kd4 Rd8+ 28. Kc4
Rc8+ 29. Kd4 Rd8+ 30. Kc4 Rd2 31. b3 Re2 32. Kd4 Rd2+ 33. Kc3 Re2 34. Kd4 Rd2+ 35.
Kc3 Re2 36. Kd4 1/2-1/2

[Event "2024 British Rapidplay Championship"]
[Site "Holiday Inn Peterborough - West"]
[Date "2024.03.03"]
[Round "9.23"]
[White "Borrowdale, Graham E"]
[Black "Surtees, Mike J"]
[Result "0-1"]
[WhiteFideId "416673"]
[BlackFideId "412619"]
[WhiteElo "1905"]
[BlackElo "2035"]
[EventDate "2024.03.02"]

1. c4 c6 2. Nf3 f6 3. d4 e5 4. dxe5 fxe5 5. Nc3 Qc7 6. g3 Nf6 7. Bg5 d6 8. Bg2 Be6
9. b3 Nbd7 10. O-O Be7 11. Nh4 Nf8 12. f4 h6 13. Bxf6 Bxf6 14. f5 Bf7 15. Ne4 O-O-O
16. Rc1 Kb8 17. Nf3 Qb6+ 18. Kh1 Be7 19. Qc2 Nd7 20. Rfd1 d5 21. cxd5 cxd5 22. Nc3
Ba3 23. Nxd5 Bxd5 24. Rxd5 Rc8 25. Rxd7 Rxc2 26. Rxc2 e4 27. Ne5 Rc8 28. Rxc8+ Kxc8
29. Bxe4 0-1

[Event "2024 British Rapidplay Championship"]
[Site "Holiday Inn Peterborough - West"]
[Date "2024.03.03"]
[Round "9.24"]
[White "Starley, Robert"]
[Black "Vaidyanathan, Adithya"]
[Result "1-0"]
[WhiteFideId "421006"]
[BlackFideId "495450"]
[WhiteElo "1944"]
[BlackElo "1805"]
[EventDate "2024.03.02"]

1. e4 c5 2. Nf3 Nc6 3. b4 Nxb4 4. c3 Nc6 5. d4 cxd4 6. cxd4 d5 7. exd5 Qxd5 8. Nc3
Qa5 9. Rb1 e6 10. Bd2 Bb4 11. Qb3 Nge7 12. Bd3 Nd5 13. Nxd5 Bxd2+ 14. Nxd2 Qxd5 15.
Qxd5 exd5 16. Nf3 b6 17. O-O O-O 18. Rbc1 Nb4 19. Bb1 Ba6 20. Rfd1 Be2 21. Re1 Bxf3
22. gxf3 Rac8 23. a3 Nc6 24. Bf5 Rc7 25. Re3 g6 26. Bd3 Rcc8 27. Ba6 Ne7 28. Bxc8
Rxc8 29. Rxc8+ Nxc8 30. Re8+ Kg7 31. Rxc8 a6 32. Rc6 b5 33. Rxa6 Kf8 34. Ra5 Ke7
35. Rxb5 Kd6 36. a4 Kc6 37. Rb1 1-0